000 00707nam a2200253Ia 4500
003 OSt
005 20220923211626.0
006 a|||||r|||| 00| 0
007 ta
008 220922b |||||||| |||| 00| 0 san d
024 _a26,042
037 _cTextual
040 _aARTS
_cARTS
_bsan
041 _2san
_asan
082 _aQ2:4x, 15L8
100 _aमहेश
245 0 _aधर्मशास्त्रीय निबन्धावली
246 _aDharmashāstrīya nibandhāvalī
260 _c1978
300 _a61ए 269चण्
_ccm.
650 _aभारतीय दर्शन
942 _hQ2:4x, 15L8
_cTEXL
_2CC
999 _c301637
_d301637